LEADER 00920nam a2200217 i 4500 001 000000067524 003 CaOOAMICUS 005 20130611000000.0 008 130611s1833 it u000 u ita u 013 $a38696 040 $aSeMil$bita 245 10$aSaggi di Ermes Visconti intorno ad alcuni quesiti concernenti il bello. 260 $aMilano :$bPresso Giuseppe Crespi,$c1833. 300 $a356 p. ;$c18 cm. 650 4$aEstetica.$0(OLS)http://semarc/subject/618 650 4$aBello - Filosofia.$0(OLS)http://semarc/subject/45057 700 1 $aVisconti, Ermes.$0(OLS)http://semarc/name/14718 850 $aSeMil 852 $aSeMil$W1$xVenegono$y1$m2O I 114 FA$j33677$B33677$CSeMilBibl$Z2$F33680 $8I 996 $6245$aSaggi di Ermes Visconti intorno ad alcuni quesiti concernenti il bello$9(OLS)http://semarc/title/107598 996 $6260$aMilano :$bPresso Giuseppe Crespi$9(OLS)http://semarc/publisher/42744 LEADER 00892nam a2200229 i 4500 001 000000206917 003 CaOOAMICUS 005 20220204105600.0 008 111018s1942 it u000 u ita u 013 $a185691 040 $aSeMil$bita 100 1 $aMietta, Luigi.$0(OLS)http://semarc/name/39448 245 10$aNoi cristiani e la nuova epoca /$cLuigi Mietta. 264 1$aMilano :$bVita e Pensiero,$cstampa 1942. 300 $aVI, 311 p. ;$c20 cm. 650 4$aCristiani - Meditazioni.$0(OLS)http://semarc/subject/17548 650 4$aCristianesimo - Sec. 20.$0(OLS)http://semarc/subject/7709 850 $aSeMil 852 $aSeMil$W1$xVenegono$y1$m3U III 37$j157380$B157380$CSeMilBibl$Z2$F168680 $81 996 $6245$aNoi cristiani e la nuova epoca$9(OLS)http://semarc/title/299219 996 $6264$aMilano :$bVita e Pensiero$9(OLS)http://semarc/publisher/29642 LEADER 00600nab a2200169 i 4500 001 000000310295 003 CaOOAMICUS 005 20180831173011.0 008 180831n xx uu u0 0und r 013 $a19387 040 $aSeMil$bita 100 0 $aLeo XIII,$c.$0(OLS)http://semarc/name/553 245 10$aEnciclica ai Vescovi del Brasile. (5 maggio 1888), (trad. it.) 773 0 $t[Gennaio-Giugno].$g551-562$w()273965 900 0 $aLeone XIII$c. 996 $6245$aEnciclica ai Vescovi del Brasile. (5 maggio 1888), (trad. it.)$9(OLS)http://semarc/title/385141 LEADER 00507nas a2200169 i 4500 001 000000194796 003 CaOOAMICUS 005 20101125000000.0 008 101125b1910 it uu u0 0ita r 013 $a173457 040 $aSeMil$bita 245 10$a1910 :$b[1]. 774 0 $t[Gennaio-Giugno].$w()274195 850 $aSeMil 852 $aSeMil$W1$xVenegono$y1$m111 3 16$j145365$B145365$CSeMilBibl$Z2$F156925 $82 961 $aRecupero: Scuola Cattolica 996 $6245$a1910 :$b[1]$9(OLS)http://semarc/title/280932